| 000 | 01538cam a2200277 4500 | ||
|---|---|---|---|
| 001 | WB4025-01 | ||
| 008 | 040630n2004 000 0 eng u | ||
| 035 | _a(Sirsi) u126653 | ||
| 245 | _aUK construction industry in overdrive | ||
| 260 | _c2004 | ||
| 490 |
_aRICS Press Release _v(pr063)1 July 2004 (3) |
||
| 520 | _aThe "RICS construction market survey United Kingdom" for the second quarter 2004 shows industry confidence close to record levels and workloads hitting new highs. 30% more surveyors reported a rise in work than a fall for the construction industry overall. Virtually all industry sub-sectors have been buoyant in the second quarter: private house building with 40% of surveyors reporting rises, public housing with 21%, public non-housing work with 31% and private commercial building with 38%. Rising interest rates and costs are seen as the only potential brakes on the industry at the moment. The survey is available at http://www.rics.org/resources/economic_analysis/co nstruction_market_survey.html. http://www.rics.org/ricscms/bin/show?class=PressRe lease&template=/includes/showpr.html&id=1196&facul ty=RICS | ||
| 590 | _aWB | ||
| 590 | _aWB | ||
| 650 | _aINTEREST RATES | ||
| 650 | _aCONSTRUCTION COSTS | ||
| 650 | _aCONSTRUCTION INDUSTRY | ||
| 650 | _aPRIVATE HOUSING | ||
| 650 | _aPUBLIC NON-HOUSING | ||
| 650 | _aPUBLIC HOUSING | ||
| 650 | _aPRIVATE COMMERCIAL | ||
| 650 | _aMARKET SURVEYS | ||
| 650 | _aRICS MARKET SURVEYS | ||
| 690 | _aBUILDING AND CONSTRUCTION-MARKET | ||
| 942 | _n0 | ||
| 999 |
_c117624 _d117624 |
||